| 000 | 00572nam a2200133Ia 4500 | ||
|---|---|---|---|
| 008 | 220616s9999||||xx |||||||||||||| ||und|| | ||
| 022 | _a16648714 | ||
| 100 | _aElisa Galliano||Egidio D'Angelo||Chris I. De Zeeuw | ||
| 245 | 4 | _aThe olivo-cerebellar system | |
| 546 | _aEnglish[eng] | ||
| 650 | _aClimbing fibres||network synchrony||compartmental organization||Sensorimotor control||Cerebellar Nuclei||plasticity||Purkinje cell | ||
| 856 | _uhttp://journal.frontiersin.org/researchtopic/653/the-olivo-cerebellar-system-frontiers-in-brain-microcircuits-series | ||
| 942 | _cEB | ||
| 999 |
_c20102 _d20102 |
||